000
00316nam a22001337a 4500
008
170609b xxu||||| |||| 00| 0 eng d
020
_a
9780771055157
041
_a
eng
080
_a
32
100
_a
19
101
_a
SHP
245
_a
QUEBEC SOCIAL CHANGE AND POLITICAL CRISIS
_c
MCROBERTS.K
942
_2
udc
_c
BK
999
_c
16815
_d
16815